00434nam a2200145Ia 4500008004100000020001800041041000800059082001500067100002700082245007500109250000600184260006200190300001600252650002000268210716s2012 xx 000 0 und d a9789350235258 aeng a794.8 PAGM aPagella, Mario Andres. aMaking isometric social real time game with HTML5 CSS3 and javascript. a1 aMumbaibShroff Publishers and Distributors Pvt Ltdc2012 axiii,135,19 aGames of action